| 000 | 00601nam a2200193Ii 4500 | ||
|---|---|---|---|
| 003 | JO-AjNU | ||
| 008 | 230605s9999||||xx |||||||||||||| ||und|| | ||
| 040 |
_aJO-AjNU _bara _erda _cJO-AjNU |
||
| 041 | _aara | ||
| 050 | 1 | 4 | _aQB723 1985 |
| 100 | 3 |
_aالجمعيه الكونيه السوريه, _eauthor _98614 |
|
| 245 | 0 | 0 | _aمذنب هالي |
| 264 | 3 | 1 | _aسوريا:الجمعيه الكونيه السوريه ، 1985 |
| 300 | _a220ص | ||
| 336 |
_atext _btxt _2rdacontent |
||
| 337 |
_aunmediated _bn _2rdamedia |
||
| 338 |
_avolume _bnc _2rdacarrier |
||
| 650 | 4 |
_aالكواكب-النجوم _98615 |
|
| 999 |
_aA879 _c4447 _d4447 |
||